000 01618nam a2200325 i 4500
003 DO-SdBNP
005 20260114102846.0
007 ta
008 081127s1994 dr 000 0 spa d
040 _aDO-SdBNP
_bspa
_cBNPHU
_erda
041 _aspa
082 4 _a158
_bA561h 1994
_222
100 _aAndrés, Mateo,
_cS.J
_eautor
_4aut.
_9915
245 1 0 _aHacia la realización del hombre :
_bfundamentos de psicología /
_cMateo Andrés, s.j.
250 _aSegunda edición
264 4 _aSanto Domingo, República Dominicana :
_bEdiciones MSC,
_c©1994.
300 _a184 páginas ;
_c22 cm.
336 _atexto
_btxt
_2rdacontent
337 _asin mediación
_bn
_2rdamedia
338 _avolumen
_bnc
_2rdacarrier
490 0 _aColección pensamiento y vida
505 2 _aLección primera: --
_tdefinición de psicología. Objeto, método, principales aplicaciones --
_gLección segunda --
_tMaduración y desarrollo --
_gLección tercera --
_t Motivación y conducta humana --
_gLección cuarta --
_t Mecanismos de defensa -- .
_gLección quinta --
_t Conducta humana y salud mental --
_gLección sexta --
_t Frustración --
_gLección séptima --
_t Cura de las enfermedades mentales --
_gLección octava --
_t Conducta humana y madurez mental --
_gLección novena --
_tConducta humana y percepción --
_gLección décima --
_tConducta humana y sociedad --
_gLección undécima --
_tLa personalidad.
590 _aInventariado, 2025/BT
650 4 _aPsicología
_9152
650 0 _aConducta (Psicología)
_9673
650 4 _aSexo (psicología)
_9153
650 4 _aFrustración
_9916
910 _aBtavárez
942 _2ddc
_cLBS1
999 _c59882
_d59882